| 000 | 00354nam a22001577a 4500 | ||
|---|---|---|---|
| 003 | SGT | ||
| 020 | _a978-93-85915-98-7 | ||
| 082 |
_a618.1 _bC17K |
||
| 100 | _aKUMAR,PRIYA GANESH | ||
| 245 | _aCOLPOSCOPY IN PRACTICAL GYNECOLOGY | ||
| 250 | _a2ND | ||
| 260 |
_aNEW DELHI _bC.B.S PUB _c2017 |
||
| 300 | _a216 | ||
| 650 | _aAYURVEDA | ||
| 942 |
_2ddc _cBK _01 |
||
| 999 |
_c14686 _d14686 |
||